Statistiques concernant Culture G Pokémon #12

Cliquez ici pour prendre le quiz!

Statistiques générales

  • Ce quiz a été pris 182 fois
    (92 depuis la dernière actualisation)
  • Le résultat moyen est 22 sur 50

Statistiques - réponses

QuestionRéponse% Correct
Quel Champion d'arène donne le Badge Triple lorsque le starter choisi est Moustillon ?Rachid
89%
De quel type est Vacilys ?Roche/Plante
88%
Quelle catégorie de Dresseurs, représentée la majorité du temps par des gros barbus, possède principalement des Pokémon de type Roche, parfois de type Combat ?Montagnard
85%
Quel Pokémon de type Insecte gagne le type Vol en méga-évoluant ?Scarabrute
84%
Quelle est la seule attaque apprise par Abra par montée de niveau ?Téléport
78%
Quel fruit trouvable principalement à Johto peut-on transformer en Ball grâce à Fargas ?Noigrume
77%
Dans les versions Or, Argent, Cristal, HeartGold et SoulSilver, quelle attaque permet de déloger des Pokémon des arbres ?Coup d'Boule
71%
Dans le jeu de cartes Pokémon, il existe 3 catégories de cartes : Pokémon, Dresseur et...Énergie
68%
Quelle attaque apeure l'adversaire à coup sûr ?Bluff
66%
Quel est l'autre nom donné à une route maritime à Hoenn ou Sinnoh ?Chenal
66%
Quel Pokémon d'Aurore se fait systématiquement toucher par l'attaque Draco Météore du Griknot de Sacha ?Tiplouf
66%
Quelle attaque le Pikachu de Sacha apprend-il au début de la saison 6, lui permettant de vaincre Roxanne ?Queue de Fer
64%
De quelle ville Bardane est-il le Champion d'arène ?Port Yoneuve
62%
Quel membre du Conseil 4 de Johto utilise des Pokémon de type Psy ?Clément
60%
Quel médicament, qui restaure 20 PV, est produit par les Caratroc ?Jus de Baie
60%
Quelle est la seule attaque mettant K.O. en un coup qui n'est résistée par aucun Pokémon pour cause d'immunité ?Glaciation
59%
Quel est la seule ville, toutes régions confondues, qui possède une église ?Unionpolis
58%
Quel Champion d'arène possède des Pokémon de niveaux les plus bas ?Albert
55%
Après le combat contre Éthernatos, combien de Watts obtient-on en inspectant un Antre Dynamax entouré d'une lumière rouge, mais ne proposant pas de Raid Dynamax ?200 W
53%
À quel niveau Smogo apprend-t-il l'attaque Purédpois ?4
53%
De quel Pokémon Ultime Bastion est-elle la capacité signature ?Hexadron
53%
Quelle est la puissance totale d'une attaque Balle Graine ou Boule Roc qui touche 5 fois ?125
51%
Quel talent permet d'ignorer les dégâts de recul des attaques comme Damoclès ?Tête de Roc
51%
Quelle est l'attaque signature d'Aflamanoir ?Fouet de Feu
47%
Quelle attaque d'étreinte est apprise par les Pokémon coquillages avant la 8G ?Claquoir
45%
Quelle attaque Évoli doit-il connaître pour pouvoir utiliser sa capacité Z Neuf pour Un ?Dernier Recours
42%
Au sommet de quelle montagne se situe la Ligue d'Alola ?Mont Lanakila
42%
Derrière la Forme Déchaînée de Hoopa et Méga-Léviator, qui sont des formes alternatives, quel est le plus grand Pokémon de type Ténèbres ?Yveltal
41%
Quel starter atteint son stade final d'évolution au niveau le plus bas ?Aligatueur
40%
Quelle attaque a 50 de précision et 100% de chances de rendre l'adversaire confus ?Dynamo-Poing
38%
Quelle fille au look gothique faut-il accompagner à travers la Route Victoire de Sinnoh, dans la partie accessible une fois le Pokédex National obtenu ?Viviane
38%
Quel magasin de la Rue du Dôme Royal a pour slogan "attention, ça va brader !" ?Bradley Prix
33%
Quel Pokémon non légendaire et non méga de la 3G possède la plus haute statistique de base d'Attaque Spéciale ?Gardevoir
33%
Quelle mini-série animée, diffusée fin 2013, retrace en quatre épisodes l'histoire de Red ?Pokémon : Les origines
32%
Comment s'appelle la capacité Z standard de type Électrik ?Fulguro-Lance Gigavolt
29%
Quel lieu étrange d'Unys est accessible avec le C-Gear et permet entre autres de capturer les Pokémon rencontrés dans le Dream World ?Heylink
29%
Avant la 6G, quel Pokémon femelle avait une chance sur trois d'évoluer en un Pokémon mâle ?Azurill
27%
Quel objet permet de faire gagner 3000 Points Exp. à un Pokémon ?Bonbon Exp. M
27%
Sophora est une rivale un peu casse-pieds sur Isolarmure dans la version Épée. Dans la version Bouclier, il s'agit de...Saturnin
27%
Quel lieu d'Unys présent dans les versions Noire et Blanche 2 permet d'observer divers Pokémon comme Mamanbo ou Wailord dans leur habitat naturel ?Aquatube
26%
Quel Pokémon de base, pouvant évoluer, possède la plus haute statistique de base d'Attaque ?Kranidos
23%
Dans quel type d'Ultra-Brèche peut-on rencontrer des Mouscoto ?Ultra-Jungle
19%
Quel Pokémon, ayant évolué deux fois, est plus petit que le Pokémon qu'il était au départ ?Joliflor
15%
Au Sud-Est de quel lac, séparé en deux zones, est situé le Siège du Géant ?Lac Milobellus
15%
Dans quelle avenue d'Illumis trouve-t-on la Loterie ID et le Café Slalom ?Avenue Thermidor
11%
Dans quel jeu sorti en 2015 utilise-t-on des Poké Diamants ?Pokémon Rumble World
11%
Quel est le surnom du Canarticho échangé à un PNJ dans les versions Rouge Feu et Vert Feuille ?Pticho
8%
Quel est le taux de capture de Mime Jr. ?145
4%
Quel Dresseur élimine Rachid au Combat du Club dans l'épisode BW043 ?Luke
4%
Dans le Pokérap, quel Pokémon est cité juste après Noeunoeuf ?Grotadmorv
1%

Distribution des résultats

Percentile par nombre de réponses

% des personnes avec chaque résultat

Votre développement - résultats

Vous n’avez pas pris ce quiz depuis la dernière actualisation